Match Metal Bands to their songs - Statistics

General Stats
  • This quiz has been taken 156 times
  • The average score is 21 of 50
Answer Stats
Hint Answer % Correct
Thunderstruck AC/DC
97%
Master Of Puppets Metallica
95%
Chop Suey! System of a Down
86%
Iron Man Black Sabbath
85%
Du Hast Rammstein
85%
The Trooper Iron Maiden
83%
Psychosocial Slipknot
81%
Down With The Sickness Disturbed
79%
Ace Of Spades Motorhead
79%
Walk Pantera
77%
Killing In The Name Rage Against The Machine
75%
Break Stuff Limp Bizkit
74%
Dragula Rob Zombie
66%
Painkiller Judas Priest
65%
Reign In Blood Slayer
64%
Falling Away from Me Korn
63%
Bodies Drowning Pool
58%
Bleed It Out Linkin Park
58%
Would? Alice In Chains
56%
A Little Piece of Heaven Avenged Sevenfold
47%
Roots Bloody Roots Sepultura
45%
Tears Dont Fall Bullet For My Valentine
42%
The Pot Tool
42%
Diamond Eyes Deftones
38%
Dig Mudvayne
38%
Symbolic Death
37%
Got The Time Anthrax
34%
Silvera Gojira
33%
Bleed Meshuggah
32%
Closer Nine Inch Nails
31%
Walk With Me In Hell Lamb Of God
28%
The End Of Heartache Killswitch Engage
27%
Pisces Jinjer
22%
Artificial Suicide Bad Omens
21%
Megitsune Babymetal
17%
Forced Gender Reassignment Cattle Decapitation
17%
Pull Harder on the Strings of Your Martyr Trivium
15%
Linchpin Fear Factory
14%
Hypnosis Sleep Token
14%
Reign of Darkness Thy Art is Murder
14%
Blasphemian Infant Annihilator
13%
Crushed Parkway Drive
13%
Curl of the Burl Mastodon
12%
What a Horrible Night to Have a Curse The Black Dahlia Murder
9%
Entombment Of A Machine Job For A Cowboy
8%
Baptized In Filth Impending Doom
7%
Nobody Skindred
7%
Divergency Born Of Osiris
6%
Scream Misfits
6%
Decay Sevendust
5%
No matching quizzes found
Score Distribution
Percent of People with Each Score
Percentile by Number Answered
Your Score History
You have not taken this quiz